000
00237nam a2200097Ia 4500
008
231107s2000 xx 000 0 und d
041
_a
eng
100
_a
Worpole Ken
245
_a
Here Comes the Sun
260
_a
London
_b
Reaktion pub.
_c
2000
999
_c
929232
_d
929232